000 00908nam a22002651 4500
999 _c329388
_d329388
001 1223668
003 Nust
005 20170504115302.0
008 840727s1964 nyua b 000 0 eng
010 _a 64011184
040 _aDLC/ICU
_cICU
_dDLC
050 0 0 _aQA371
_b.B48 1964
082 0 0 _a515 BUR
100 1 _aBetz, Herman.
245 1 0 _aDifferential equations with applications.
_cHerman Betz
250 _a2d ed.
_b[by] Herman Betz, Paul B. Burcham [and] George M. Ewing.
260 _aNew York,
_bHarper & Row
_c[1964]
300 _axi, 354 p.
_billus.
_c22 cm.
440 0 _aHarper's mathematics series
500 _aThis ed. prepared by George M. Ewing.
501 _aH.B
504 _aIncludes bibliographies.
650 0 _aDifferential equations.
700 1 _aEwing, George M.
_q(George McNaught),
_d1907-
906 _a7
_bcbc
_corignew
_du
_eocip
_f19
_gy-gencatlg
942 _2ddc
_cBK
_k515 BUR